000 02014nam a22003857a 4500
999 _c9836
_d9836
005 20251204142008.0
008 s2544 th tha d
020 _a9743471588
040 _aNALT
041 _atha
050 _aJN318 พ435ป 2544
100 0 _aพฤทธิสาณ ชุมพล, ม.ร.ว.
245 1 0 _aประชาธิปไตยแบบรัฐสภาในอังกฤษ
246 _aBritish parliamentary democracy
260 3 _aกรุงเทพฯ :
_bศูนย์ยุโรปศึกษา จุฬาลงกรณ์มหาวิทยาลัย,
_c2544
300 _a306 หน้า :
_b แผนภูมิ, แผนที่, ตาราง ;
_c 26 ซม.
650 0 4 _aอังกฤษ -- การเมืองและการปกครอง
650 0 4 _aกระบวนการนิติบัญญัติ -- อังกฤษ
650 0 4 _aกลุ่มผลักดัน
650 0 4 _aการเลือกตั้ง -- อังกฤษ
650 0 4 _aคณะรัฐมนตรี -- อังกฤษ
650 0 4 _aนโยบายเศรษฐกิจสังคม -- อังกฤษ
650 0 4 _aประชาธิปไตย
_92054
650 0 4 _aผู้ตรวจราชการแห่งรัฐสภา -- อังกฤษ
650 0 4 _aพรรคการเมือง -- อังกฤษ
650 0 4 _aระบบราชการ -- อังกฤษ
650 0 4 _aรัฐธรรมนูญ -- อังกฤษ
650 0 4 _aรัฐสภา -- อังกฤษ
650 0 4 _aสหภาพยุโรป
650 0 4 _aสื่อมวลชนกับการเมือง -- อังกฤษ
850 _aNALT
856 4 0 _uhttps://hdl.handle.net/20.500.14156/393008
_71
942 _cGB
_013
_2lcc
998 _j111
_k นางสาวพจพิณ พรมเอี่ยม